Brady Bunch Minefield Quiz Stats

 Plays Quiz not verified by Sporcle

Challenge
Share
Tweet
Embed
Score 0/22 Timer 03:00
0 Plays Today
Clue Brady Kid % Correct
Said, 'Marcia, Marcia, Marcia'???
68%
Played by Barry Williams???
67.9%
Oldest???
67.4%
Played by Maureen McCormick???
67.3%
Had a pronounced lisp???
66.9%
Played by Christopher Knight???
66.9%
Played by Susan Olsen???
66.7%
Got hit in the nose by a football???
66.7%
Played by Eve Plumb???
66.7%
Had a habit of tattling???
66.6%
Youngest???
66.4%
Clue Brady Kid % Correct
Had a crush on Desi Arnaz & Davy Jones???
66.2%
Ended up with a bedroom in the attic???
65.6%
2nd Youngest???
65.5%
2nd Oldest???
65.4%
Had freckles and wore glasses???
65.3%
Played by Mike Lookinland???
65.2%
3rd Oldest???
63.5%
3rd Youngest???
62.2%
Was the 'safety monitor' at school???
61.2%
Fantasy to play football with Joe Namath came true???
58.6%
Only one with brown eyes (others had blue or green)???
54.5%

You're not logged in!

Compare scores with friends on all Sporcle quizzes.
OR
Log In

You Might Also Like...

Show Comments

Extras

Created Sep 23, 2011ReportNominate
Tags:Minefield Quiz

Top Quizzes Today


Score Distribution

Your Account Isn't Verified!

In order to create a playlist on Sporcle, you need to verify the email address you used during registration. Go to your Sporcle Settings to finish the process.

Report this User

Report this user for behavior that violates our Community Guidelines.

Details: